000 00919nam a22003012a 4500
001 21483
003 BD-RjUL
005 20211209000706.0
008 140304t1968 enk b 000 0beng d
020 _a0710062230
035 _a(BD-RjUL)21547
040 _aDLC
_cDLC
_dEQO
_dBD-RjUL
_beng
041 _aeng
082 0 4 _a823.7
_bMAW 1968
100 1 _aMayhead, Robin.
_955390
245 0 0 _aWalter Scott /
_cby Robin Mayhead.
260 _aLondon ;
_bRoutledge & K. Paul ;
_aNew York :
_bHumanities P,
_c1968.
300 _aviii, 116 p. ;
_c19 cm
490 1 _aProfiles in literature
504 _aBibliography: p. 115-[116]
600 1 0 _aScott, Walter,
_d1771-1832.
_957712
650 0 _aAuthors, Scottish
_y19th century
_vBiography
_966353
650 0 _aHistorical fiction
_xAuthorship
_966354
830 0 _aProfiles in literature
_966357
942 _2ddc
_cBK
999 _c21483
_d21483